| 000 | 01395nam a2200337 a 4500 | ||
|---|---|---|---|
| 001 | ebr10753376 | ||
| 003 | CaPaEBR | ||
| 006 | m o u | ||
| 007 | cr cn||||||||| | ||
| 008 | 130910s2013 njua sb 001 0 eng d | ||
| 020 | _z9781118802755 | ||
| 020 | _z9781118817728 (e-book) | ||
| 040 |
_aCaPaEBR _cCaPaEBR |
||
| 035 | _a(OCoLC)857365172 | ||
| 043 | _an-us--- | ||
| 050 | 1 | 4 |
_aLA226 _b.H37 2013eb |
| 100 | 1 | _aHarris, Michael S. | |
| 245 | 1 | 0 |
_aUnderstanding institutional diversity in American higher education _h[electronic resource] / _cMichael S. Harris. |
| 260 |
_aHoboken, N.J. : _bWiley Periodicals, Inc., _c2013. |
||
| 300 |
_axiv, 121 p. : _bill. |
||
| 440 | 0 |
_aASHE higher education report, _x1551-6970 ; _vv. 39, no. 3 |
|
| 504 | _aIncludes bibliographical references and indexes. | ||
| 533 |
_aElectronic reproduction. _bPalo Alto, Calif. : _cebrary, _d2013. _nAvailable via World Wide Web. _nAccess may be limited to ebrary affiliated libraries. |
||
| 650 | 0 |
_aUniversities and colleges _zUnited States. |
|
| 650 | 0 |
_aEducation, Higher _zUnited States. |
|
| 650 | 0 |
_aEducational change _zUnited States. |
|
| 650 | 0 |
_aMulticultural education _zUnited States. |
|
| 655 | 7 |
_aElectronic books. _2local |
|
| 710 | 2 | _aebrary, Inc. | |
| 856 | 4 | 0 |
_uhttp://site.ebrary.com/lib/rucke/Doc?id=10753376 _zAn electronic book accessible through the World Wide Web; click to view |
| 999 |
_c218301 _d218301 |
||